Morceaux de viance de l'agneau - Carte Quiz - Statistiques

Statistiques générales
  • Ce quiz a été pris 69 fois
  • Le résultat moyen est 5 sur 10
Réponses sur la Carte
Les réponses sont colorées sur une échelle allant du rouge au vert en fonction du pourcentage des utilisateurs qui les ont devinées à leur premier essai. Vous pouvez retrouver ces pourcentages ci-dessous.
 
Statistiques - réponses
Réponse % Correct
Collier
97%
epaule
80%
Poitrine
67%
Gigot entier
47%
Selle
47%
Gigot raccourci
33%
Haut de côtes
33%
Filet et Côte filet
20%
Côte découverte
17%
Côte seconde et Côte première
17%
Aucun quiz correspondant
Distribution des résultats
% des personnes avec chaque résultat
Percentile par nombre de réponses
Votre historique - résultats
Vous n’avez pas pris ce quiz